| 000 | 00566cam a2200193 4500 | ||
|---|---|---|---|
| 001 | BFIL008913 | ||
| 008 | 1942 spa | ||
| 035 | _aBFIL008913 | ||
| 050 | 4 |
_aPQ8519 _b.S4 T43 1942 |
|
| 100 | 1 | _aSanchez, Florencio | |
| 245 | 0 |
_aTeatro de Florencio Sánchez : nuestros hijos...[et al]. / _cFlorencio Sánchez. |
|
| 260 |
_aBuenos Aires : _bSopena, _c1942 |
||
| 300 |
_a174 p. ; _c22 cm. |
||
| 440 | 0 | _aBiblioteca Mundial Sopena | |
| 500 | _a1 ejem. | ||
| 504 | _aIncluye índice | ||
| 650 | 4 | _aLiteratura Uruguaya | |
| 942 |
_2lcc _cLIB |
||
| 999 |
_c122222 _d122222 |
||